=LDR 00000nam 2200000 4500 =001 INLIS000000000014152 =005 20130612105437 =008 ***********************************Ind** =035 ##$$a0010-061300000014152 =041 ##$$a Ind =082 ##$$a 297.0 =090 ##$$a 297.0, Els t =100 ##$$a El-Sulthani, Mawardi Labay =245 ##$$a Tidak usah takut syariat islam, Islam agama kedamaian,keselamatan dan kebahagiaan, Mawardi Labay El-Sulthani =260 ##$$a 2002 $b Jakarta =300 ##$$a xxi, 326 hlm, Ilus, 21 cm =650 ##$$a Islam =850 ##$$a NBPNMAT =990 ##$$a 21400613/BPAP-NTB/20142014